000
00339 a2200157 4500
001
61235
020
_a
040
_c
Anchieta - Pituba
100
_a
Haeckel, Ernst
240
1
0
_a
A Origem do Homem
_l
por
245
1
0
_a
A Origem do Homem
300
_a
79
362
0
_a
1989
650
4
_a
Fisiologia e assuntos relacionados
942
_c
BK
999
_c
61235
_d
61235